000
00303nam a22001337a 4500
008
190205b xxu||||| |||| 00| 0 eng d
020
_a
9780538611008
041
_a
eng
080
_a
510
100
_a
36
101
_a
MAT
245
_a
Mathmatters An Integrated Approach
_c
Lynch,Ch
942
_2
udc
_c
BK
999
_c
54003
_d
54003